000 00760nam a22002657a 4500
003 CHAP
005 20220329134324.0
008 971013s1971 r 00010 d
010 _a18715
011 _a19687
035 _a23772
040 _cCHAP
082 _a136.5
_bD4
245 _aDevelopmental psychology today
260 _aDel Mar, Cal. :
_bCMR Books,
_c1971
300 _a575 p.
_b: ilus.
590 _aBATCH-UPD
_b10
_c20130110
_lUCH01
_h2148
590 _aBATCH-UPD
_b10
_c20130410
_lUCH01
_h1457
590 _aBATCH-UPD
_b10
_c20130914
_lUCH01
_h1945
590 _aCONVERSION
_b10
_c20130109
_lUCH01
_h1311
650 1 4 _aPsicología genética.
_992612
901 _aBK
942 _cLIBRO
949 _a136.5 D4
_bBC
_cMUT
_d-55169
_eMUT
_h18029
_i23772
_si
999 _c18715
_d18715